000 00485cam a2200193ua 4500
001 11646
008 191014n ii |||gr||||Z||||||eng
020 _a9788120789849
040 _cMAIN
041 _aeng
082 _a940
100 _aB V Rao,
_eAuthor.
245 _aHistory of modern europe :
_bAD 1789-2013 /
_cBy B V Rao .
250 _a5th rev rep.
260 _aNew Delhi:
_bSterling publishers,
_c2016.
300 _a340p.
653 _aHistory of Europe
942 _cBK
999 _c10458
_d10458